Name All Dependencies & Territories - Statistics

General Stats
  • This quiz has been taken 39 times
  • The average score is 21 of 58
Answer Stats
Dependency/Territory % Correct
Bermuda
74%
Aruba
70%
Peurto Rico
70%
American Samoa
67%
Anguilla
67%
Guadeloupe
67%
Guam
67%
French Guiana
63%
French Polynesia
63%
Gibraltar
63%
Greenland
63%
British Virgin Islands
59%
Jersey
59%
Martinique
59%
Montserrat
59%
Isle of Man
56%
Reunion
56%
Falkland Islands
52%
Guernsey
52%
Mayotte
52%
Virgin Islands
52%
Christmas Island
48%
Cook Islands
48%
New Caledonia
48%
Cayman Islands
44%
St. Pierre & Miquelon
44%
Niue
41%
Northern Mariana Islands
41%
Tokelau
41%
Cocos Islands
33%
Hong Kong
33%
Wallis & Futuna
33%
British Indian Ocean Territory
30%
Pitcairn Islands
30%
Wake Island
30%
Macao
26%
Navassa Island
26%
Turks & Caicos Islands
26%
Ashmore & Cartier Islands
19%
Bouvet Island
19%
Jarvis Island
19%
Netherlands Antilles
19%
Norfolk Islands
19%
Coral Sea Islands
15%
Heard & Mc Donald Islands
15%
Jan Mayen
15%
Midway Islands
15%
South Georgia & South Sandwich Islands
15%
Johnson Atoll
11%
Palmyra Atoll
11%
Kingman Reef
7%
Baker & Howland Islands
4%
Faeroe Islands
4%
Paracel Islands
4%
Peter Island
4%
Spratly Islands
4%
St. Helena & Dependencies
4%
Svlabard
4%
No matching quizzes found
Score Distribution
Percent of People with Each Score
Percentile by Number Answered
Your Score History
You have not taken this quiz